Podnieś liczby do kwadratu - Statystyki

Ogólne statystyki
  • Ten quiz został rozwiązany 6 136 razy
  • Średni wynik to 12 z 13
Statystyki odpowiedzi
^2 Odpowiedź % Poprawnych
0 0
100%
1 1
100%
10 100
99%
2 4
99%
100 10000
91%
3 9
91%
9 81
90%
-8 64
87%
11 121
86%
12 144
85%
0.5 0.25
84%
25 625
73%
16 256
65%
Nie znaleziono quizów pasujących do podanych kryteriów
Rozkład punktacji
Procent ludzi z każdym wynikiem
Percentyl według liczby udzielonych odpowiedzi
Twoja historia wyników
Nie rozwiązałeś tego quizu